<?xml version="1.0" encoding="UTF-8"?>
<record
    xmlns:xsi="http://www.w3.org/2001/XMLSchema-instance"
    xsi:schemaLocation="http://www.loc.gov/MARC21/slim http://www.loc.gov/standards/marcxml/schema/MARC21slim.xsd"
    xmlns="http://www.loc.gov/MARC21/slim">

  <leader>00636nam a2200217Ia 4500</leader>
  <controlfield tag="005">20241129111109.0</controlfield>
  <controlfield tag="008">241129s9999||||xx |||||||||||||| ||und||</controlfield>
  <datafield tag="020" ind1=" " ind2=" ">
    <subfield code="a">978-1-0718-5166-1 </subfield>
  </datafield>
  <datafield tag="037" ind1=" " ind2=" ">
    <subfield code="a">TB</subfield>
  </datafield>
  <datafield tag="040" ind1=" " ind2=" ">
    <subfield code="a">CRL</subfield>
    <subfield code="b">eng</subfield>
    <subfield code="c">CRL</subfield>
  </datafield>
  <datafield tag="041" ind1=" " ind2=" ">
    <subfield code="a">eng</subfield>
    <subfield code="2">eng</subfield>
  </datafield>
  <datafield tag="084" ind1=" " ind2=" ">
    <subfield code="a">&#x1A9;:f R2</subfield>
    <subfield code="q">CRL</subfield>
  </datafield>
  <datafield tag="100" ind1=" " ind2=" ">
    <subfield code="a">Miller Jane E. Au.</subfield>
    <subfield code="9">726292</subfield>
  </datafield>
  <datafield tag="245" ind1=" " ind2="0">
    <subfield code="a">Making sense of numbers: quantitative reasoning for social research</subfield>
    <subfield code="c">Miller Jane E. Au.</subfield>
  </datafield>
  <datafield tag="260" ind1=" " ind2=" ">
    <subfield code="a">Los Angeles, USA</subfield>
    <subfield code="b">Sage </subfield>
    <subfield code="c">2022</subfield>
  </datafield>
  <datafield tag="300" ind1=" " ind2=" ">
    <subfield code="a">xxxvi,569p.</subfield>
  </datafield>
  <datafield tag="365" ind1=" " ind2=" ">
    <subfield code="a">USD</subfield>
    <subfield code="b">85</subfield>
  </datafield>
  <datafield tag="650" ind1=" " ind2=" ">
    <subfield code="a">Social ScienceResearch Method</subfield>
  </datafield>
  <datafield tag="942" ind1=" " ind2=" ">
    <subfield code="c">TB</subfield>
    <subfield code="h">&#x1A9;:f R2</subfield>
  </datafield>
  <datafield tag="999" ind1=" " ind2=" ">
    <subfield code="c">1228913</subfield>
    <subfield code="d">1228913</subfield>
  </datafield>
  <datafield tag="952" ind1=" " ind2=" ">
    <subfield code="0">0</subfield>
    <subfield code="1">0</subfield>
    <subfield code="4">0</subfield>
    <subfield code="7">0</subfield>
    <subfield code="a">CRL</subfield>
    <subfield code="b">CRL</subfield>
    <subfield code="d">2024-11-29</subfield>
    <subfield code="e">Govinda Book House</subfield>
    <subfield code="g">85.00</subfield>
    <subfield code="i">5720 &amp; 01/03/2023</subfield>
    <subfield code="l">0</subfield>
    <subfield code="o">&#x1A9;:f R2</subfield>
    <subfield code="p">CL1679712</subfield>
    <subfield code="r">2024-11-29 11:11:09</subfield>
    <subfield code="w">2024-11-29</subfield>
    <subfield code="y">TB</subfield>
  </datafield>
</record>
